| 000 | 00459nam a2200181Ia 4500 | ||
|---|---|---|---|
| 001 | 19073 | ||
| 005 | 20260306171717.0 | ||
| 008 | 260306s9999||||xx |||||||||||||| ||und|| | ||
| 041 | _aESP | ||
| 082 |
_a658.8 _bH66 |
||
| 100 |
_aHoffman, K. Douglas _eAUT |
||
| 245 | 0 |
_aMarketing de servicios: _bconceptos, estrategias y casos |
|
| 260 | _c2012 | ||
| 300 |
_axviii, 443 páginas : _c27 cm. |
||
| 650 | _aGEN | ||
| 654 | _aCAN | ||
| 942 |
_cLIB _dJUS _fJUS _2ddc _n |
||
| 999 |
_c19073 _d19073 |
||